[Event "FIDE Open"]
[Site "Voronezh"]
[Date "2018.06.16"]
[Round "5.54"]
[White "Pikalova, Sofya"]
[Black "Biskup, Stepan"]
[Result "0-1"]
[WhiteElo "1739"]
[BlackElo "1529"]
[Annotator ""]
[Source ""]
[Remark ""]

1.e4 c5 2.Nf3 e6 3.g3 Nc6 4.Bg2 Qc7 5.O-O Be7 6.d4 cxd4 7.Nxd4
a6 8.a4 d6 9.Be3 Nf6 10.Nc3 O-O 11.f4 Bd7 12.Qe2 Rfd8 13.f5 e5
14.Nxc6 Bxc6 15.a5 Qd7 16.Rad1 Rdc8 17.Qd2 Bb5 18.Rfe1 Rc6 19.Bg5
Rac8 20.Bxf6 Bxf6 21.Bf1 Bxf1 22.Rxf1 Bd8 23.Qd5 Qc7 24.Ra1 Rc5
25.Qd3 Rxa5 26.Rxa5 Qxa5 27.Qxd6 Qb6+ 28.Qxb6 Bxb6+ 29.Kg2 Bd4
30.Rd1 h6 31.Rd3 b5 32.Kf3 Bxc3 33.Rxc3 Rxc3+ 34.bxc3 Kf8 35.Ke3
Ke7 36.g4 f6 37.Kd2 Kd6 38.Kc1 Kc5 39.Kb2 Kc4 40.h3 a5 41.h4
a4 42.h5 a3+ 43.Ka2 Kxc3 44.Kxa3 Kxc2 45.Kb4 Kd3 46.Kxb5 Kxe4
47.Kc4 Kf4 48.Kd5 Kxg4 49.Ke6 Kg5 50.Kf7 e4 51.Kxg7 e3 52.Kf7
Kxf5 53.Kg7 Kg5 54.Kf7 e2 55.Kg7 e1Q 0-1

[Event "FIDE Open"]
[Site "Voronezh"]
[Date "2018.06.16"]
[Round "5.55"]
[White "Shcherbinin, Nikolay"]
[Black "Strukov, Dmitry"]
[Result "1/2-1/2"]
[WhiteElo "1671"]
[BlackElo "1737"]
[Annotator ""]
[Source ""]
[Remark ""]

1.e4 c5 2.Nc3 g6 3.g3 Bg7 4.Bg2 d6 5.d3 Nf6 6.f4 e6 7.Nf3 O-O
8.Be3 Nc6 9.O-O a6 10.h3 Rb8 11.Qd2 Qb6 12.Rab1 d5 13.e5 d4 14.Bf2
dxc3 15.bxc3 Qa5 16.exf6 Bxf6 17.Rb3 e5 18.fxe5 Nxe5 19.Qf4 c4
20.dxc4 Nxf3+ 21.Qxf3 Bg7 22.Ba7 Ra8 23.Bd4 Qxa2 24.Bxg7 Kxg7
25.Qf6+ Kg8 26.Bd5 Be6 27.Bxe6 fxe6 28.Qxe6+ Kh8 29.Qe5+ Kg8
30.Rxb7 Rxf1+ 31.Kxf1 Rf8+ 32.Ke1 Qa1+ 33.Ke2 Qf1+ 34.Ke3 Qe1+
35.Kd4 Rd8+ 36.Qd5+ Rxd5+ 37.cxd5 Qxg3 38.c4 Qf4+ 39.Kc5 Qe3+
40.Kc6 Qe4 41.c5 Kf8 42.Rxh7 g5 43.Ra7 Qa4+ 44.Kd6 Qf4+ 45.Kc6
Qa4+ 46.Kd6 a5 47.Ra8+ Kf7 48.Ra7+ Kf6 49.c3 Qb4 50.Kc7 Ke5 51.c4
a4 52.Kd7 Qb6 53.Kc8 1/2-1/2

[Event "FIDE Open"]
[Site "Voronezh"]
[Date "2018.06.16"]
[Round "5.56"]
[White "Popov, Denis"]
[Black "Rubtsov, Victor"]
[Result "1-0"]
[WhiteElo "1642"]
[BlackElo "1735"]
[Annotator ""]
[Source ""]
[Remark ""]

1.e4 c6 2.d4 d5 3.Nc3 h6 4.f3 dxe4 5.Nxe4 Bf5 6.c3 Nd7 7.Bd3
e6 8.Bf4 Bxe4 9.fxe4 Ngf6 10.Nf3 Be7 11.O-O O-O 12.Kh1 c5 13.Rc1
Qb6 14.b3 Rac8 15.Qe2 Rfd8 16.h3 Nf8 17.Bh2 a5 18.Rfe1 cxd4 19.cxd4
Bb4 20.Red1 Ba3 21.Rc4 N8h7 22.e5 Nd5 23.Bxh7+ Kh8 24.Bd3 Rxc4
25.Bxc4 Nc3 26.Qc2 Nxd1 27.Qxd1 Qb4 28.Qd3 Bb2 29.Bg1 Qa3 30.Qb1
Bc3 31.Be3 Qb4 32.Qd3 Rb8 33.a4 Rd8 34.Bd2 Bxd2 35.Nxd2 Qa3 36.Nf3
Qc1+ 37.Qf1 Qc3 38.Qf2 Qc1+ 39.Kh2 Qf4+ 40.Qg3 Qe3 41.Qh4 Re8
42.Kg3 b6 43.Qf4 Qc3 1-0

[Event "FIDE Open"]
[Site "Voronezh"]
[Date "2018.06.16"]
[Round "5.57"]
[White "Murzina, Agata"]
[Black "Granovskaya, Ekaterina"]
[Result "1-0"]
[WhiteElo "1632"]
[BlackElo "1731"]
[Annotator ""]
[Source ""]
[Remark ""]

1.e4 e5 2.Nf3 Nc6 3.Bc4 Bc5 4.d3 Nf6 5.Nc3 d6 6.Bg5 Na5 7.a3
Nxc4 8.dxc4 c6 9.O-O Bb6 10.Na4 Bg4 11.Nxb6 axb6 12.h3 Bh5 13.Qd3
h6 14.Bh4 Bxf3 15.Qxf3 g5 16.Bg3 O-O 17.Rad1 Qe7 18.h4 Rad8 19.hxg5
hxg5 20.Qe3 Nd7 21.b4 f6 22.Rd3 Nb8 23.Qxb6 Rd7 24.Rfd1 Rfd8
25.Qe3 Qe6 26.Qf3 Kg7 27.c5 dxc5 28.bxc5 Qc4 29.Qf5 Rxd3 30.Rxd3
Rxd3 31.cxd3 Qxd3 32.Bxe5 Qd1+ 33.Kh2 Nd7 34.Bd6 Qh5+ 35.Kg3
Qh4+ 36.Kf3 Qh5+ 37.Ke3 Qf7 38.f3 b6 39.cxb6 Nxb6 40.Kf2 Qa2+
41.Kg3 Qa1 42.Bc5 Qe1+ 43.Bf2 Qh1 44.Qg4 Qb1 45.Bxb6 Qxb6 46.Qd7+
Kh6 47.Qd6 Qb2 48.e5 Qxe5+ 49.Qxe5 fxe5 50.a4 c5 51.Kf2 c4 52.Ke2
g4 53.a5 gxf3+ 54.gxf3 c3 55.a6 c2 56.Kd2 Kg5 57.a7 Kf4 58.a8Q 1-0

[Event "FIDE Open"]
[Site "Voronezh"]
[Date "2018.06.16"]
[Round "5.58"]
[White "Ragimli, Deniz"]
[Black "Efendieva, Alina"]
[Result "0-1"]
[WhiteElo "1626"]
[BlackElo "1727"]
[Annotator ""]
[Source ""]
[Remark ""]

1.e4 e5 2.Bc4 Nf6 3.d3 d5 4.exd5 Nxd5 5.h3 Nc6 6.a3 Bc5 7.Nf3
a6 8.Bd2 O-O 9.Nc3 Be6 10.Nxd5 Bxd5 11.Bxd5 Qxd5 12.O-O Rad8
13.Qe2 Rfe8 14.Rfe1 h6 15.Bc3 Rd6 16.Qe4 Qxe4 17.Rxe4 f5 18.Re2
e4 19.Rae1 Nd4 20.Nxd4 Bxd4 21.Bxd4 Rxd4 22.f3 e3 23.Rxe3 Rxe3
24.Rxe3 Kf7 25.Kf2 g6 26.Re5 b6 27.Ke3 c5 28.f4 Rd6 29.c3 Kf6
30.g3 g5 31.h4 gxf4+ 32.gxf4 Kg6 33.d4 cxd4+ 34.cxd4 Kh5 35.Rxf5+
Kxh4 36.Ke4 Kg4 37.d5 h5 38.Ke5 Rxd5+ 39.Kxd5 Kxf5 40.Kc6 b5
41.Kb6 h4 0-1

[Event "FIDE Open"]
[Site "Voronezh"]
[Date "2018.06.16"]
[Round "5.59"]
[White "Netsvetaev, Kirill"]
[Black "Gerasko, Viacheslav"]
[Result "1-0"]
[WhiteElo "1536"]
[BlackElo "1862"]
[Annotator ""]
[Source ""]
[Remark ""]

1.d4 Nf6 2.c4 g6 3.Nc3 Bg7 4.e4 d6 5.Nf3 Nbd7 6.Be3 O-O 7.Nd2
c5 8.d5 Ne5 9.f3 a6 10.Be2 h6 11.a3 Kh7 12.b4 b6 13.Rb1 Ne8 14.Qc2
e6 15.O-O exd5 16.cxd5 Qc7 17.bxc5 bxc5 18.Nc4 Nxc4 19.Bxc4 Qa5
20.Na4 Qc7 21.Bd2 Ra7 22.Rb6 Qe7 23.Bc3 Nf6 24.Rfb1 Nd7 25.Bxg7
Kxg7 26.R6b2 Qg5 27.Qc3+ Kg8 28.Nb6 Ne5 29.Nxc8 Rxc8 30.Rb8 Qd8
31.R8b6 Rca8 32.f4 Nxc4 33.Qxc4 Qf6 34.e5 Qf5 35.exd6 Rd7 36.Rb8+
Rd8 37.Rxd8+ Rxd8 38.Rb6 Re8 39.Qxc5 Qxf4 40.Qc3 Qg4 41.Rb1 Rc8
42.Qe3 Qf5 43.Rd1 Qc2 44.Rf1 Qa4 1-0

[Event "FIDE Open"]
[Site "Voronezh"]
[Date "2018.06.16"]
[Round "5.60"]
[White "Filippov, Vladimir"]
[Black "Makushin, Aleksandr"]
[Result "1-0"]
[WhiteElo "1881"]
[BlackElo "1692"]
[Annotator ""]
[Source ""]
[Remark ""]

1.Nf3 Nf6 2.b3 g6 3.Bb2 Bg7 4.g3 b6 5.Bg2 Bb7 6.d3 O-O 7.e4 d6
8.O-O e5 9.Nbd2 Nbd7 10.Nc4 Nc5 11.a4 a5 12.Re1 Re8 13.Qe2 Qe7
14.Ne3 Rad8 15.Rad1 Ne6 16.c4 Nc5 17.Qc2 Nfd7 18.Nd5 Bxd5 19.cxd5
Nb8 20.d4 exd4 21.Nxd4 Qd7 22.f3 c6 23.Bf1 Qb7 24.Nxc6 Nxc6 25.dxc6
Qc7 26.Bxg7 Kxg7 27.Qc3+ f6 28.Bc4 Re5 29.Bd5 Na6 30.f4 Re7 31.g4
Nb4 32.g5 Nxd5 33.exd5 Rf7 34.Re6 Rdf8 35.Rde1 Qd8 36.gxf6+ Rxf6
37.Rxf6 Rxf6 38.Re6 1-0

[Event "FIDE Open"]
[Site "Voronezh"]
[Date "2018.06.16"]
[Round "5.61"]
[White "Vasiljev, Ilya"]
[Black "Volovich, Evgeny"]
[Result "1/2-1/2"]
[WhiteElo "1816"]
[BlackElo "1617"]
[Annotator ""]
[Source ""]
[Remark ""]

1.e4 e6 2.d4 d5 3.Nc3 Bb4 4.e5 Ne7 5.Bd2 b6 6.Nf3 Ba6 7.Bxa6
Nxa6 8.O-O O-O 9.Qe2 Nb8 10.a3 Bxc3 11.Bxc3 c5 12.Qe3 Nf5 13.Qf4
Nc6 14.Rfe1 Qc7 15.Rac1 f6 16.Qg4 cxd4 17.Bxd4 Ncxd4 18.Nxd4
Nxd4 19.Qxd4 Qc5 20.c3 fxe5 21.Qxc5 bxc5 22.Rxe5 Rfe8 23.Kf1
Rab8 24.Rc2 Kf7 25.g3 Rb6 26.c4 Kf6 27.f4 Reb8 28.cxd5 exd5 29.Rxd5
Rxb2 30.Rxb2 Rxb2 31.Rxc5 Rxh2 32.Ra5 Ra2 33.g4 h6 34.Ra6+ Kf7
35.Rxa7+ Kf6 36.Ra6+ Kf7 37.a4 Rb2 38.a5 Rb4 39.Kf2 Rxf4+ 40.Kg3
Ra4 41.Ra7+ Kg6 42.a6 Ra5 43.Kf4 Kf6 1/2-1/2

[Event "FIDE Open"]
[Site "Voronezh"]
[Date "2018.06.16"]
[Round "5.62"]
[White "Tatarintsev, Mikhail"]
[Black "Stepanenko, Kirill"]
[Result "0-1"]
[WhiteElo "1681"]
[BlackElo "1784"]
[Annotator ""]
[Source ""]
[Remark ""]

1.e4 c5 2.c4 d6 3.Nc3 Nc6 4.Nge2 Nf6 5.d4 cxd4 6.Nxd4 Bd7 7.Be2
g6 8.Be3 Bg7 9.O-O Nxd4 10.Bxd4 O-O 11.f3 Bc6 12.Qd2 Qd7 13.Rac1
Rfd8 14.Nd5 Bxd5 15.cxd5 Nh5 16.Bxg7 Nxg7 17.Qb4 Rac8 18.Qa5
a6 19.Bc4 Rc5 20.Qd2 Rdc8 21.Bd3 Qc7 22.Rxc5 Qxc5+ 23.Kh1 Nh5
24.a3 Qd4 25.Rd1 Nf6 26.Qe2 Qa4 27.Qd2 Qb3 28.Bb1 Qc4 29.Bd3
Qc5 30.Qe2 Nd7 31.Rd2 Qd4 32.Qd1 Qe3 33.h3 Ne5 34.Bf1 Qc5 35.Bd3
Qc1 36.Qxc1 Rxc1+ 37.Kh2 Kg7 38.Kg3 Kf6 39.Kf4 Nxd3+ 40.Rxd3
Rc2 41.Rb3 Rxg2 42.Rxb7 g5+ 43.Ke3 Rh2 44.Rb6 Rxh3 45.Rxa6 g4
46.Kf2 Rxf3+ 47.Kg2 Rb3 0-1

[Event "FIDE Open"]
[Site "Voronezh"]
[Date "2018.06.16"]
[Round "5.63"]
[White "Pogorelov, Aleksey"]
[Black "Kalashnikova, Elena"]
[Result "0-1"]
[WhiteElo "1569"]
[BlackElo "1774"]
[Annotator ""]
[Source ""]
[Remark ""]

1.d4 Nf6 2.c4 c6 3.Nc3 d5 4.Bf4 dxc4 5.e4 b5 6.a3 Bg4 7.Be2 Bxe2
8.Ngxe2 e6 9.O-O Be7 10.Qc2 Nbd7 11.Be3 O-O 12.f4 a6 13.Rf3 Ng4
14.Qd2 Nxe3 15.Qxe3 c5 16.d5 b4 17.dxe6 bxc3 18.exd7 cxb2 19.Rb1
Qxd7 20.Rxb2 Qd1+ 21.Rf1 Qd3 22.Qf3 Rfd8 23.Rb7 Bf8 24.f5 Qxf3
25.Rxf3 Rab8 26.Ra7 Rb6 27.Rc3 Rd3 28.a4 Rb2 29.Rxd3 cxd3 30.Nc3
Rc2 0-1

[Event "FIDE Open"]
[Site "Voronezh"]
[Date "2018.06.16"]
[Round "5.64"]
[White "Shipitsyna, Guzyal"]
[Black "Knyazev, Pavel"]
[Result "0-1"]
[WhiteElo "1444"]
[BlackElo "1762"]
[Annotator ""]
[Source ""]
[Remark ""]

1.d4 Nf6 2.c4 g6 3.Nc3 Bg7 4.Nf3 O-O 5.Bg5 d6 6.e4 Nbd7 7.Be2
h6 8.Bh4 e5 9.O-O g5 10.Bg3 Nxe4 11.Nxe4 f5 12.h3 fxe4 13.Nd2
exd4 14.Nxe4 Nc5 15.Nxc5 dxc5 16.Bd3 c6 17.Qc2 Be6 18.Rfe1 Qd7
19.Kh2 Bf5 20.a4 Bxd3 21.Qxd3 Rae8 22.Kg1 Rxe1+ 23.Rxe1 Re8 24.Rxe8+
Qxe8 25.Kf1 Qe6 26.b3 Kf7 27.Bb8 a6 28.Bg3 Kf6 29.Bc7 Qf5 30.Ke2
Bf8 31.Qxf5+ Kxf5 32.Kd3 h5 33.g3 Be7 34.Ba5 Bd6 35.Be1 Bc7 36.a5
Bd6 37.Bd2 Be7 38.Be1 h4 39.Bd2 g4 40.hxg4+ Kxg4 41.gxh4 Bxh4
42.f4 Kf5 43.b4 Be7 44.bxc5 Bxc5 45.Bc1 Ba7 46.Bd2 c5 47.Bc1
Bb8 48.Ba3 Bd6 49.Bc1 Bxf4 50.Ba3 Bd6 0-1

[Event "FIDE Open"]
[Site "Voronezh"]
[Date "2018.06.16"]
[Round "5.65"]
[White "Titarenko, Pavel"]
[Black "Kuzmin, Vitaly"]
[Result "1/2-1/2"]
[WhiteElo "1520"]
[BlackElo "1738"]
[Annotator ""]
[Source ""]
[Remark ""]

1.d4 d5 2.Bf4 Bf5 3.Nf3 e6 4.e3 Be7 5.h3 h6 6.Be2 Nf6 7.O-O O-O
8.Nbd2 c5 9.c3 Nc6 10.dxc5 Bxc5 11.Qb3 Qb6 12.Rac1 Qxb3 13.Nxb3
Be7 14.Nbd4 Nxd4 15.cxd4 Rac8 16.Ne5 a6 17.a3 Bg6 18.Nxg6 fxg6
19.Bf3 Ne4 1/2-1/2

[Event "FIDE Open"]
[Site "Voronezh"]
[Date "2018.06.16"]
[Round "5.66"]
[White "Meshkov, Timofey"]
[Black "Krekoten, Vladimir"]
[Result "1-0"]
[WhiteElo "1403"]
[BlackElo "1718"]
[Annotator ""]
[Source ""]
[Remark ""]

1.d4 Nf6 2.c4 e6 3.Nc3 Bb4 4.Bg5 h6 5.Bh4 g5 6.Bg3 Ne4 7.Qc2
d5 8.e3 c5 9.dxc5 Qa5 10.Nge2 Bd7 11.a3 Bxc5 12.cxd5 exd5 13.Rd1
Be7 14.Rxd5 Nc5 15.b4 Qxa3 16.bxc5 Be6 17.Rd4 Nc6 18.Rd2 O-O
19.Nd4 Nxd4 20.exd4 f5 21.Be5 Rad8 22.Be2 a5 23.O-O Bb3 24.Qb1 1-0

[Event "FIDE Open"]
[Site "Voronezh"]
[Date "2018.06.16"]
[Round "5.67"]
[White "Pokasova, Irina"]
[Black "Mikheeva, Galina"]
[Result "0-1"]
[WhiteElo "1311"]
[BlackElo "1716"]
[Annotator ""]
[Source ""]
[Remark ""]

1.c4 f5 2.Nc3 Nf6 3.d4 g6 4.Nf3 Bg7 5.e3 O-O 6.Be2 d6 7.O-O e6
8.Bd2 Qe7 9.Rc1 Nc6 10.a3 Nd8 11.b4 Nf7 12.c5 g5 13.Qc2 g4 14.Ne1
h5 15.Nd3 e5 16.dxe5 dxe5 17.Nb2 c6 18.Bc4 Be6 19.Rfd1 h4 20.Bxe6
Qxe6 21.Be1 Bh6 22.Rb1 Kg7 23.Nd3 Nh5 24.Bd2 h3 25.g3 Ng5 26.Ne1
Rad8 27.a4 Rd7 28.Qb3 Qxb3 29.Rxb3 Rfd8 30.Rb2 Nf6 31.Kf1 Nfe4
32.Nb1 Kg6 33.Ke2 Ne6 34.f3 Nf6 35.f4 exf4 36.exf4 Ne4 37.Nc2
Bg7 38.Rb3 a5 39.b5 N6xc5 40.bxc6 Nxb3 41.cxd7 Nbxd2 42.Rxd2
Nxd2 43.Nxd2 Rxd7 0-1

[Event "FIDE Open"]
[Site "Voronezh"]
[Date "2018.06.16"]
[Round "5.68"]
[White "Denisenko, Dmitry"]
[Black "Badtrutdinova, Darya"]
[Result "1-0"]
[WhiteElo "1703"]
[BlackElo "1604"]
[Annotator ""]
[Source ""]
[Remark ""]

1.e4 c6 2.d4 d5 3.exd5 cxd5 4.Nf3 Qc7 5.Nc3 Nf6 6.h3 Bf5 7.Bd3
Bxd3 8.Qxd3 a6 9.O-O e6 10.Re1 Be7 11.Ne5 Nc6 12.Bf4 Qb6 13.Nxc6
bxc6 14.Rab1 O-O 15.a3 c5 16.Na4 Qc6 17.Nxc5 Bxc5 18.dxc5 Qxc5
19.Be5 Ne4 20.Bd4 Qc6 21.Rbc1 Nd6 22.b3 Rfd8 23.Bb2 Qb6 24.h4
Ne8 25.Bd4 Qd6 26.Qh3 Qxa3 27.h5 h6 28.g4 Qe7 29.f4 f6 30.g5
fxg5 31.Rxe6 Qb4 32.c3 Qa3 33.Rce1 gxf4 34.Rxh6 Rd6 35.Rhe6 Rxe6
36.Qxe6+ Kh8 37.Qh6+ 1-0

[Event "FIDE Open"]
[Site "Voronezh"]
[Date "2018.06.16"]
[Round "5.69"]
[White "Yudin, Sergei"]
[Black "Kuritsina, Zlata"]
[Result "1-0"]
[WhiteElo "1699"]
[BlackElo "1508"]
[Annotator ""]
[Source ""]
[Remark ""]

1.d4 d5 2.c4 e6 3.Nc3 Nf6 4.cxd5 Nxd5 5.e4 Nxc3 6.bxc3 c5 7.d5
Bd6 8.Bb5+ Bd7 9.Bxd7+ Qxd7 10.Nf3 exd5 11.exd5 O-O 12.O-O Qf5
13.c4 Nd7 14.Bb2 Rab8 15.a4 b6 16.Rc1 a6 17.Qb3 Rb7 18.Rc2 b5
19.axb5 axb5 1-0

[Event "FIDE Open"]
[Site "Voronezh"]
[Date "2018.06.16"]
[Round "5.70"]
[White "Tatarinova, Elena"]
[Black "Lebedeva, Ekaterina"]
[Result "1-0"]
[WhiteElo "1797"]
[BlackElo "1503"]
[Annotator ""]
[Source ""]
[Remark ""]

1.c4 f5 2.Nf3 Nf6 3.g3 g6 4.Bg2 Bg7 5.O-O O-O 6.Nc3 d6 7.Rb1
e5 8.d3 Nc6 9.b4 h6 10.b5 Ne7 11.a4 Rb8 12.Ba3 b6 13.a5 g5 14.axb6
axb6 15.Bb2 Ng6 16.Nd2 f4 17.Nd5 Bb7 18.Ra1 Nxd5 19.cxd5 Qd7
20.Qb3 fxg3 21.hxg3 h5 22.Ne4 Bh6 23.d4 Kh7 24.Qd3 Qf5 25.Ra7
h4 26.dxe5 dxe5 27.d6 Bxe4 28.Rxc7+ Bg7 29.Bxe4 Qf6 30.Bxg6+
Qxg6 31.Bxe5 1-0

[Event "FIDE Open"]
[Site "Voronezh"]
[Date "2018.06.16"]
[Round "5.71"]
[White "Neklyudova, Taisiya"]
[Black "Kuzminykh, Nikita"]
[Result "0-1"]
[WhiteElo "1268"]
[BlackElo "1658"]
[Annotator ""]
[Source ""]
[Remark ""]

1.e4 e5 2.Nc3 Nf6 3.g3 Bc5 4.Bg2 d6 5.h3 Nc6 6.d3 Be6 7.Nge2
O-O 8.O-O d5 9.Bg5 d4 10.Nb1 Be7 11.Kh2 Ng4+ 12.hxg4 Bxg5 13.Bh3
Qd7 14.Ng1 Qd6 15.Ne2 Be7 16.f4 f6 17.f5 Bf7 18.Nd2 Na5 19.a3
c5 20.b3 b5 21.a4 a6 22.axb5 axb5 23.Nf3 c4 24.bxc4 bxc4 25.Qe1
c3 26.Qf2 Nc6 27.Neg1 Rfb8 28.Rac1 h6 29.Qe1 Rb2 30.Rf2 Raa2
31.Qf1 Nb4 32.Ne1 Bb3 33.Qg2 Qa6 34.g5 fxg5 35.Bg4 Bc5 0-1

[Event "FIDE Open"]
[Site "Voronezh"]
[Date "2018.06.16"]
[Round "5.72"]
[White "Zakharov, Timofey V."]
[Black "Degtiarev, Viktor"]
[Result "0-1"]
[WhiteElo "1389"]
[BlackElo "1772"]
[Annotator ""]
[Source ""]
[Remark ""]

1.e4 c5 2.d4 cxd4 3.c3 dxc3 4.Nxc3 Nc6 5.Nf3 g6 6.Bc4 Bg7 7.O-O
Nf6 8.e5 Ng4 9.Bxf7+ Kxf7 10.Ng5+ Ke8 11.Qxg4 Nxe5 12.Qe2 d6
13.Rd1 h6 14.Nge4 Kf7 15.h3 Rf8 16.Bf4 Kg8 17.Bxe5 Bxe5 18.Qc4+
Kh7 19.Nd5 e6 20.Nc7 d5 21.Nxa8 Qh4 22.Qe2 dxe4 23.Rac1 Qf4 24.g3
Qf5 25.Qd2 Qf7 26.Rc5 Bb8 27.Nc7 Bxc7 28.Rdc1 Bb6 29.Rxc8 Bxf2+
30.Kh2 Rxc8 31.Rxc8 e3 32.Qe2 h5 33.b3 h4 34.Qb2 Bxg3+ 35.Kg1
e5 36.Qc2 Qf5 37.Qxf5 gxf5 38.Kf1 Kg6 39.Ke2 Bf2 40.Rc7 Kg5 41.Rxb7
Kf4 42.Rxa7 Kg3 43.b4 f4 44.Rg7+ Kxh3 45.b5 e4 46.b6 f3+ 47.Kf1
Bg3 48.Rxg3+ hxg3 49.b7 0-1

[Event "Fide Open"]
[Site "Voronezh"]
[Date "2018.06.16"]
[Round "5.1"]
[White "Lebedev, Mikhail S."]
[Black "Bobkov, Vadim"]
[Result "1-0"]
[WhiteElo "2103"]
[BlackElo "2058"]
[Annotator ""]
[Source ""]
[Remark ""]

1.e4 Nc6 2.Nf3 d6 3.d4 Bg4 4.Be3 g6 5.Nbd2 Bg7 6.h3 Bxf3 7.Nxf3
Nf6 8.Qd3 O-O 9.O-O-O a5 10.e5 Nd5 11.e6 fxe6 12.Qe4 Qd7 13.Ng5
Nd8 14.Bd3 Nb4 15.Qh4 Nxd3+ 16.Rxd3 h6 17.Ne4 Nf7 18.Qg4 Kh7
19.Bd2 Qc8 20.Rg3 Nh8 21.Qh4 e5 22.d5 Rf6 23.Nxf6+ exf6 24.Rc3
b5 25.g4 b4 26.Rc6 Qg8 27.Rxc7 g5 28.Qg3 Qxd5 29.Qd3+ Qxd3 30.cxd3
Ng6 31.Kb1 Nh4 32.Rhc1 Nf3 33.Be3 d5 34.Bb6 Ra6 35.Rb7 Kg6 36.Rcc7
Bf8 37.Rc8 Rxb6 38.Rxb6 Be7 39.Rb7 1-0

[Event "Fide Open"]
[Site "Voronezh"]
[Date "2018.06.16"]
[Round "5.2"]
[White "Artemov, Nikita"]
[Black "Lukovnikov, Alexander"]
[Result "0-1"]
[WhiteElo "1970"]
[BlackElo "2153"]
[Annotator ""]
[Source ""]
[Remark ""]

1.e4 e5 2.Nf3 Nc6 3.Bb5 a6 4.Ba4 Nf6 5.O-O Be7 6.Re1 b5 7.Bb3
O-O 8.a4 Rb8 9.d3 d6 10.Nbd2 Be6 11.c3 b4 12.Bc2 bxc3 13.bxc3
d5 14.d4 exd4 15.cxd4 dxe4 16.Nxe4 Bd5 17.Nxf6+ Bxf6 18.Ne5 Nb4
19.Bf5 Bxe5 20.dxe5 Be6 21.Bxe6 fxe6 22.Qg4 Rf7 23.Bg5 Qe8 24.Rad1
Qc6 25.Rd4 Nd5 26.Rc4 Qd7 27.Rec1 Rf5 28.Qg3 Rb2 29.Be3 Ra2 30.Bc5
h6 31.Qb3 Re2 32.Bd4 Qf7 33.Rf1 Rg5 34.Be3 Nxe3 0-1

[Event "Fide Open"]
[Site "Voronezh"]
[Date "2018.06.16"]
[Round "5.3"]
[White "Novikov, Sergey D"]
[Black "Lepaev, Andrey"]
[Result "1/2-1/2"]
[WhiteElo "2180"]
[BlackElo "1992"]
[Annotator ""]
[Source ""]
[Remark ""]

1.d4 d5 2.c4 e6 3.Nf3 Nf6 4.g3 Be7 5.Bg2 O-O 6.O-O dxc4 7.Ne5
c5 8.dxc5 Qc7 9.Nxc4 Qxc5 10.Qb3 Nc6 11.Be3 Qh5 12.Nbd2 Ng4 13.Nf3
e5 14.h3 Nxe3 15.Qxe3 Bxh3 16.Ncxe5 Nxe5 17.Qxe5 Qxe5 18.Nxe5
Bxg2 19.Kxg2 Rfd8 20.Nd3 Rac8 21.Rac1 g6 22.Rfd1 Bd6 23.Kf3 h5
24.e3 Kg7 25.Ke2 a6 26.Nc5 Bxc5 27.Rxd8 Rxd8 28.Rxc5 Rd7 29.Rc2
Kf6 30.Rc3 Kg7 31.Rc2 Kf6 32.Rc3 Kg7 33.Rc2 Kf6 1/2-1/2

[Event "Fide Open"]
[Site "Voronezh"]
[Date "2018.06.16"]
[Round "5.4"]
[White "Lilov, Aleksandr"]
[Black "Nakonechny, Ignat"]
[Result "1-0"]
[WhiteElo "2046"]
[BlackElo "1890"]
[Annotator ""]
[Source ""]
[Remark ""]

1.e4 c5 2.Nf3 e6 3.d4 cxd4 4.Nxd4 Nf6 5.Nc3 d6 6.Be3 a6 7.Be2
Be7 8.O-O O-O 9.f4 Qc7 10.Qe1 Nc6 11.Qg3 e5 12.fxe5 Nxe5 13.Nf5
Bxf5 14.Rxf5 Qc6 15.Bd3 b5 16.Bg5 Kh8 17.Raf1 Rac8 18.Qh3 Qd7
19.Bxf6 Bxf6 20.Nd5 Bd8 21.Rxf7 Rxf7 22.Rxf7 Qxf7 23.Qxc8 Qf8
24.Qf5 Qe8 25.Nf4 g6 26.Qh3 Qf8 27.Nd5 Bg5 28.Qg3 Bc1 29.Qf2
Qxf2+ 30.Kxf2 Bxb2 31.Nc7 Bc3 32.Nxa6 b4 33.Ke2 Kg8 34.Nc7 Bd4
35.Nd5 Bc5 36.Kd2 Kf7 37.Be2 Ke6 38.c3 bxc3+ 39.Kxc3 Nc6 40.Kc4
Ke5 41.Bf3 g5 42.a4 Bg1 43.h3 Bf2 44.Kb5 Nd4+ 45.Ka6 Nb3 46.Nb4
Bg1 47.a5 Kf4 48.Nd5+ Kg3 49.Kb5 Nd4+ 50.Kc4 Nxf3 51.gxf3 h5
52.Nf6 Kxf3 53.Nxh5 Kxe4 54.Nf6+ Ke5 55.Nd5 Ke4 56.Nb6 d5+ 57.Nxd5
Ba7 58.Nb6 Kf4 59.Kb5 Kg3 60.Ka6 Bxb6 61.axb6 Kxh3 62.b7 g4 63.b8Q
g3 64.Qh8+ Kg2 65.Qh4 Kf3 66.Kb5 Kf2 67.Kc4 Kf3 68.Kd3 Kf2 69.Ke4
Kg1 70.Qxg3+ Kh1 71.Qg4 1-0

[Event "Fide Open"]
[Site "Voronezh"]
[Date "2018.06.16"]
[Round "5.5"]
[White "Pingin, Artem"]
[Black "Bruyatskaya, Mariya"]
[Result "1/2-1/2"]
[WhiteElo "1967"]
[BlackElo "2026"]
[Annotator ""]
[Source ""]
[Remark ""]

1.e4 c6 2.d4 d5 3.Nc3 dxe4 4.Nxe4 Nf6 5.Nxf6+ exf6 6.Nf3 Bg4
7.Be2 Bd6 8.h3 Bh5 9.Nh4 Bg6 10.Nxg6 hxg6 11.Be3 Nd7 12.c3 O-O
13.Qc2 f5 14.O-O-O Re8 15.Kb1 f4 16.Bc1 Nf6 17.Bc4 b5 18.Bb3
Nd5 19.Rdg1 a5 20.g3 fxg3 21.fxg3 a4 22.Bxd5 cxd5 23.a3 Qc7 24.h4
Qe7 25.h5 Qe4 26.hxg6 Qxc2+ 27.Kxc2 Re2+ 28.Kd1 Rf2 29.gxf7+
Kxf7 30.Rf1 Rxf1+ 31.Rxf1+ Ke6 32.g4 Rh8 33.Re1+ Kd7 34.Rf1 Ke6
35.Re1+ Kd7 36.Rf1 Ke6 37.Re1+ Kd7 1/2-1/2

[Event "Fide Open"]
[Site "Voronezh"]
[Date "2018.06.16"]
[Round "5.6"]
[White "Sobina, Pavel"]
[Black "Kitaev, Roman"]
[Result "0-1"]
[WhiteElo "2199"]
[BlackElo "2031"]
[Annotator ""]
[Source ""]
[Remark ""]

1.e4 c5 2.Nf3 d6 3.d4 Nf6 4.Nc3 cxd4 5.Nxd4 a6 6.Be2 e6 7.Be3
Nbd7 8.f4 b5 9.Bf3 Bb7 10.a3 Qc7 11.O-O Nc5 12.e5 dxe5 13.fxe5
Nfe4 14.Nxe4 Nxe4 15.Bxe4 Bxe4 16.Qg4 Qxe5 17.Rae1 Bc5 18.Nb3
f5 19.Qh5+ g6 20.Qh6 Bxe3+ 21.Rxe3 Rd8 22.Rc3 Bd5 23.Re3 Qxb2
24.Rfe1 Kf7 25.Qh3 Rc8 26.Nd2 Rxc2 27.Nf3 Kg7 28.g4 fxg4 29.Qxg4
Rf8 30.Qd4+ Qxd4 31.Nxd4 Rg2+ 0-1

[Event "Fide Open"]
[Site "Voronezh"]
[Date "2018.06.16"]
[Round "5.7"]
[White "Kutyanina, Mariya"]
[Black "Peschansky, Mikhail"]
[Result "1-0"]
[WhiteElo "2021"]
[BlackElo "2137"]
[Annotator ""]
[Source ""]
[Remark ""]

1.e4 c5 2.Nf3 Nc6 3.d4 cxd4 4.Nxd4 g6 5.Nc3 Bg7 6.Nb3 Nf6 7.Be2
O-O 8.O-O a5 9.a4 d6 10.Re1 Be6 11.Bf1 Bxb3 12.cxb3 Nd7 13.Bg5
Nc5 14.Rb1 h6 15.Be3 Kh7 16.f3 Rc8 17.Nd5 e6 18.Nc3 Qe7 19.Nb5
Rfd8 20.Bf4 Be5 21.Bd2 d5 22.exd5 Rxd5 23.Bc4 Qh4 24.Bxd5 Qxh2+
25.Kf1 Qh1+ 26.Kf2 Nd3+ 27.Ke3 Nxe1 28.Bxc6 Qg1+ 29.Ke4 f5+ 30.Kxe5
Nd3+ 31.Kf6 Qc5 32.Bxh6 Qe5+ 33.Kf7 Rc7+ 34.Nxc7 Qxc7+ 35.Kf6
Qe5+ 36.Ke7 Qc7+ 37.Bd7 Qc5+ 38.Ke8 Ne5 39.Bf8 1-0

[Event "Fide Open"]
[Site "Voronezh"]
[Date "2018.06.16"]
[Round "5.8"]
[White "Garafutdinov, Ainur"]
[Black "Kolyuzhnov, Vladislav"]
[Result "0-1"]
[WhiteElo "2122"]
[BlackElo "1986"]
[Annotator ""]
[Source ""]
[Remark ""]

1.e4 e5 2.Nf3 Nc6 3.Bc4 Bc5 4.c3 Nf6 5.d3 O-O 6.O-O d6 7.h3 Be6
8.Bb5 a6 9.Ba4 b5 10.Bc2 d5 11.Nxe5 Nxe5 12.d4 Nxe4 13.dxc5 Nxc5
14.f4 Nc4 15.b3 Nd6 16.f5 Bc8 17.Qxd5 Ndb7 18.Qf3 Qf6 19.Be3
Bd7 20.b4 Bc6 21.Qg3 Ne4 22.Bxe4 Bxe4 23.Bd4 Qh6 24.Rf4 Nd6 25.Bxg7
Qxg7 26.Rg4 Nxf5 27.Qf4 Nd6 28.Rxg7+ Kxg7 29.Nd2 f5 30.Re1 Rf6
31.Qg5+ Rg6 32.Qe7+ Kh8 33.Nxe4 fxe4 34.Qxc7 Re8 35.Qc5 Rge6
36.Re3 Nc4 37.Qd4+ Kg8 38.Rg3+ Rg6 39.Rxg6+ hxg6 40.Qd5+ Kf8
41.Kf2 e3+ 42.Ke2 Re5 43.Qa8+ Kg7 44.Qxa6 Rf5 45.a4 Rf2+ 46.Ke1
Ra2 47.Qxb5 Na3 48.Qe5+ Kh7 49.Qe7+ Kh6 50.Qxe3+ Kg7 51.Qe7+
Kh6 52.Kf1 Nc4 53.Qh4+ 0-1

[Event "Fide Open"]
[Site "Voronezh"]
[Date "2018.06.16"]
[Round "5.9"]
[White "Zisin, Oleg"]
[Black "Kolomensky, Vladimir"]
[Result "1/2-1/2"]
[WhiteElo "2012"]
[BlackElo "2120"]
[Annotator ""]
[Source ""]
[Remark ""]

1.e4 c5 2.Nf3 e6 3.b3 a6 4.Bb2 Nc6 5.d4 cxd4 6.Nxd4 Qf6 7.c3
Bc5 8.g3 h5 9.h4 e5 10.Nf3 Nh6 11.Bg2 Ng4 12.O-O O-O 13.c4 d6
14.Nc3 Qg6 15.Qe2 f5 16.Ng5 f4 17.Kh1 fxg3 18.fxg3 Rf2 19.Rxf2
Nxf2+ 20.Kh2 Bg4 21.Qd2 Rf8 22.Rf1 Bc8 23.Nd5 Ng4+ 24.Kh1 Rf2
25.Rxf2 Bxf2 26.Qd3 Be3 27.Qe2 Bxg5 28.hxg5 Qxg5 29.Qe1 Nf6 30.Ba3
Ne8 31.Qf2 Nd4 32.Bb2 Be6 33.Bxd4 exd4 34.Qxd4 Qxg3 35.Ne7+ Kf7
36.Nf5 Qf4 37.Qb6 Bc8 38.Qd8 Bxf5 39.exf5 Nf6 40.Qc8 b6 41.Bd5+
Nxd5 42.Qe6+ Kf8 43.Qc8+ Ke7 44.Qb7+ Kf6 45.Qxd5 Qe5 46.Qc6 Qe1+
47.Kg2 Qe2+ 48.Kg1 Qe3+ 49.Kh1 Kxf5 50.Qxd6 Qe4+ 51.Kg1 Qb1+
52.Kg2 Qxa2+ 53.Kf1 Qb1+ 54.Kg2 Qc2+ 55.Kf1 Qc1+ 56.Kg2 Qg5+
57.Kh1 Qh4+ 58.Kg2 Qe4+ 59.Kg1 Qe5 60.Qxb6 a5 61.c5 Qe3+ 62.Kf1
Kf4 63.Qc7+ Kg4 64.Qxg7+ Kh4 65.Qf6+ Kg3 66.Qg6+ Kh4 67.Qf6+
Kg3 68.Qg6+ Kh4 69.Qd6 Qc1+ 70.Ke2 Qc2+ 71.Ke1 1/2-1/2